Variační principy a metody teorie elektromagnetického pola /

Salvato in:
Dettagli Bibliografici
Autore principale: Polák, Josef (Autore)
Natura: Libro
Lingua:slovacco
Pubblicazione: Praha : Academia, 1988
Tags: Aggiungi Tag
Nessun Tag, puoi essere il primo ad aggiungerne!!

MARC

LEADER 00000nam a22000003a 4500
001 stu3515
005 20150617225616.2
008 930402s1988----cs------------------slo-d
040 |a STU  |b slo 
041 0 |a slo 
044 |a cs 
080 |a 537.811 
100 1 |a Polák, Josef  |4 aut 
245 1 |a Variační principy a metody teorie elektromagnetického pola /  |c [aut.] Polák,Josef 
260 |a Praha :  |b Academia,  |c 1988 
300 |a 311 s 
996 |b E68402  |c E*68402  |l EE04  |s P  |a 0  |w stu3515_0001